00486nam a2200157Ia 4500008004100000020001400041082001500055100001900070245006700089250000700156260004500163300003000208500001900238600002100257650005000278240925s9999 xx 000 0 und d a136142230 a005.72 JEL aJelliffe, Rick 4aThe XML and SGML Cook Book: recipes for structured information aNA aNew Jersey:bPrintice- Hall Int.c,1998. axxvii,426p.bNAfOriginal aIncludes Index aComputer Science aComputer science, information & general works